Science Quiz

Random Science Quiz

Brain regions Quiz Stats

 Plays Quiz not verified by Sporcle

Also try: Space Mammals
Challenge
Share
Tweet
Embed
Score 0/6 Timer 01:00
0 Plays Today
% Correct
frontal
92%
temporal
87.2%
occipital
85.4%
parietal
83.6%
cerebellum
50.4%
brain stem
42.5%

You're not logged in!

Compare scores with friends on all Sporcle quizzes.
Join for Free
OR
Log In

You Might Also Like...

Show Comments

Extras

Created May 16, 2010SourceReportNominate
Tags:brain, region

Top Quizzes Today


Score Distribution

Your Account Isn't Verified!

In order to create a playlist on Sporcle, you need to verify the email address you used during registration. Go to your Sporcle Settings to finish the process.

Report this User

Report this user for behavior that violates our Community Guidelines.

Details: